00504nam a2200145 a 450000100100000000500170001000800410002704000250006824500440009326000700013730000200020704900090022795201050023699900170034100003002620200930060003.0110428s2004 dr 000 0 spa d aDO-SdBNPbspacBNPHU00aAsambleas familiares :bfamilia y vida. aSanto Domingo :bComisión Nacional de Pastoral Familiar,c2004. a20 p. ;c21 cm. aBNPD 0010718PDaPDbPDcCTd2011-04-28iLF1l0o p30026-10r2020-06-25w2020-06-25yLFPDZNo se presta c29518d29518